<Die> Europäische Gemeinschaft und die Türkei Entwicklung, Probleme und Perspektiven einer schwierigen Partnerschaft
Guardado en:
| Autor principal: | |
|---|---|
| Formato: | Libro |
| Lenguaje: | alemán |
| Publicado: |
Baden-Baden
Nomos
1988
|
| Edición: | 1. Aufl. |
| Materias: | |
| Etiquetas: |
Sin Etiquetas, Sea el primero en etiquetar este registro!
|
MARC
| LEADER | 00000nam a2200000 4500 | ||
|---|---|---|---|
| 001 | c000652 | ||
| 005 | 20221219111713.9 | ||
| 020 | |a 3-7890-1654-3 | ||
| 041 | 0 | |a ger | |
| 044 | |a DE | ||
| 245 | 1 | 0 | |a <Die> Europäische Gemeinschaft und die Türkei |b Entwicklung, Probleme und Perspektiven einer schwierigen Partnerschaft |c Heinz Kramer |
| 250 | |a 1. Aufl. | ||
| 264 | 1 | |a Baden-Baden |b Nomos |c 1988 | |
| 300 | |a 352 s. | ||
| 610 | 2 | 0 | |a Európske spoločenstvá |
| 610 | 2 | 0 | |a Turecko |
| 610 | 2 | 0 | |a zmluvy medzinárodné |
| 610 | 2 | 0 | |a 1963-1980 |
| 610 | 2 | 0 | |a integrácia ekonomická medzinárodná |
| 610 | 2 | 0 | |a priemysel |
| 610 | 2 | 0 | |a poľnohospodárstvo |
| 610 | 2 | 0 | |a migrácia |
| 610 | 2 | 0 | |a politika zahraničná |
| 610 | 2 | 0 | |a sily pracovné |
| 100 | 1 | |a Kramer, Heinz | |